[Event "M.Chigorin Memorial 2017 "]
[Site "?????-?????????"]
[Date "2017.10.29"]
[Round "9"]
[Board "168"]
[White "Makeev, Konstantin"]
[Black "Oskin, Iakov"]
[Result "1/2-1/2"]
[WhiteElo "1688"]
[BlackElo "1410"]
[PlyCount "81"]
[EventDate "2017.10.21"]
[EventRounds "9"]
[EventCountry "RUS"]

1. e4 c5 2. Nc3 Nc6 3. g3 g6 4. Bg2 Bg7 5. f4 d6 6. Nf3 e6 7. O-O Nge7 8. d3
O-O 9. Be3 Rb8 10. Rb1 b5 11. Ne2 Qa5 12. a3 b4 13. axb4 Nxb4 14. c3 Nbc6 15.
Qd2 Qb5 16. Kh1 a5 17. g4 Ba6 18. Nc1 f5 19. gxf5 exf5 20. Ng5 Bc8 21. Qf2 h6
22. Nf3 Bxc3 23. bxc3 Qxb1 24. e5 Nd5 25. Qg3 Kh7 26. Ng5+ hxg5 27. Bxd5 Ne7
28. Bg2 dxe5 29. Qxg5 Ng8 30. Bxc5 Re8 31. fxe5 Bb7 32. Qh4+ Kg7 33. Bd4 Bxg2+
34. Kxg2 Qb7+ 35. Kg1 Rbd8 36. e6+ Kf8 37. Bc5+ Kg7 38. Bd4+ Kf8 39. Bc5+ Kg7
40. Bd4+ Kf8 41. Bc5+  1/2-1/2

[Event "M.Chigorin Memorial 2017 "]
[Site "?????-?????????"]
[Date "2017.10.29"]
[Round "9"]
[Board "169"]
[White "Ageeva, Vasilisa"]
[Black "Ali, Ahad"]
[Result "0-1"]
[WhiteElo "1649"]
[BlackElo "1356"]
[PlyCount "58"]
[EventDate "2017.10.21"]
[EventRounds "9"]
[EventCountry "RUS"]

1. d4 Nf6 2. Bf4 e6 3. Nc3 Bb4 4. Qd3 O-O 5. Bg5 d5 6. e3 Nbd7 7. a3 Bxc3+ 8.
bxc3 b6 9. Nf3 Bb7 10. h4 h6 11. Bf4 c5 12. Ne5 cxd4 13. cxd4 Rc8 14. Qd1 Qc7
15. c4 Nxe5 16. dxe5 Nd7 17. Qh5 dxc4 18. Rh3 Be4 19. Rc1 c3 20. Be2 c2 21. Rg3
Bg6 22. Rxg6 fxg6 23. Qxg6 Qc3+ 24. Kf1 Qd2 25. Qxe6+ Kh8 26. Kg1 Qxc1+ 27. Kh2
Rxf4 28. Qxd7 Rff8 29. e6 Qb2  0-1

[Event "M.Chigorin Memorial 2017 "]
[Site "?????-?????????"]
[Date "2017.10.29"]
[Round "9"]
[Board "170"]
[White "Shmoilov, Dmitry"]
[Black "Biyachuev, Minkail"]
[Result "1-0"]
[WhiteElo "1962"]
[BlackElo "1475"]
[PlyCount "111"]
[EventDate "2017.10.21"]
[EventRounds "9"]
[EventCountry "RUS"]

1. d4 d5 2. c4 e5 3. dxe5 d4 4. Nf3 Nc6 5. a3 Qe7 6. Bg5 Qc5 7. b4 Qxc4 8. e3
Bxb4+ 9. axb4 Qxb4+ 10. Nbd2 dxe3 11. Bxe3 Bg4 12. Ra4 Bxf3 13. gxf3 Qe7 14.
Bb5 Qd7 15. Bxc6 Qxc6 16. O-O Ne7 17. Rg4 O-O-O 18. Qa1 a6 19. Rc1 Qd5 20. Rd4
Qe6 21. Rb4 Nd5 22. Rd4 Qg6+ 23. Kh1 Nxe3 24. fxe3 Rxd4 25. exd4 Rd8 26. Qc3
Qb6 27. Nc4 Qc6 28. Nd6+ cxd6 29. Qe3 dxe5 30. Rxc6+ bxc6 31. dxe5 Rd7 32. Qb6
Rc7 33. Qxa6+ Kd7 34. Qd3+ Kc8 35. Qxh7 g6 36. e6 fxe6 37. Qxg6 Kd7 38. h4 c5
39. h5 c4 40. h6 c3 41. Qc2 Kd6 42. h7 Rc8 43. Qh2+ e5 44. h8=Q Rxh8 45. Qxh8
Kd5 46. Qh7 Kc4 47. Qc2 Kb4 48. Kg2 Kc4 49. Kf2 Kd5 50. Qxc3 Ke6 51. Ke3 Kf5
52. Qc6 Kg5 53. Qe6 Kh5 54. Qg8 Kh6 55. Ke4 Kh5 56. Kf5  1-0

[Event "M.Chigorin Memorial 2017 "]
[Site "?????-?????????"]
[Date "2017.10.29"]
[Round "9"]
[Board "171"]
[White "Airapetyan, Anzhelika"]
[Black "Popova, Polina"]
[Result "0-1"]
[WhiteElo "1382"]
[BlackElo "1560"]
[PlyCount "64"]
[EventDate "2017.10.21"]
[EventRounds "9"]
[EventCountry "RUS"]

1. e4 e5 2. Nf3 Nc6 3. Bb5 a6 4. Ba4 Nf6 5. O-O Be7 6. Re1 b5 7. Bb3 O-O 8. c3
d5 9. exd5 Nxd5 10. Nxe5 Bb7 11. Qf3 Na5 12. Bc2 Nf6 13. Qe2 Re8 14. d4 Bd6 15.
Bf4 c5 16. Qd2 Nc4 17. Qc1 Qc7 18. b3 Nxe5 19. dxe5 Bxe5 20. Bxe5 Rxe5 21. Rxe5
Qxe5 22. Qd2 Ng4 23. g3 Qh5 24. Qf4 Qxh2+ 25. Kf1 Re8 26. Be4 Bxe4 27. Ke2 Bf3+
28. Kxf3 h5 29. Qd2 Qh1+ 30. Kf4 Qe4+ 31. Kg5 Re5+ 32. Kh4 Qh1#  0-1

[Event "M.Chigorin Memorial 2017 "]
[Site "?????-?????????"]
[Date "2017.10.29"]
[Round "9"]
[Board "172"]
[White "Naryshkina, Irina"]
[Black "Kudin, Alexander"]
[Result "0-1"]
[WhiteElo "1382"]
[BlackElo "1520"]
[PlyCount "110"]
[EventDate "2017.10.21"]
[EventRounds "9"]
[EventCountry "RUS"]

1. d4 d5 2. c4 e6 3. Nc3 c6 4. Nf3 Nf6 5. c5 b6 6. b4 Be7 7. Bd2 O-O 8. e3 Ne4
9. Bd3 f5 10. O-O Bb7 11. Ne5 Bf6 12. f3 Nxd2 13. Qxd2 Bxe5 14. dxe5 bxc5 15.
bxc5 Nd7 16. f4 Nxc5 17. Be2 Ne4 18. Qe1 Nxc3 19. Qxc3 Qe7 20. Rf3 c5 21. Rh3
Rfc8 22. Qa3 Qc7 23. g4 Qf7 24. Kf2 d4 25. exd4 fxg4 26. Rc3 Qxf4+ 27. Ke1 Qxd4
28. Rac1 Rd8 29. Qxc5 Qxc5 30. Rxc5 h5 31. Rc7 Rac8 32. Rxc8 Rxc8 33. Rxc8+
Bxc8 34. Kf2 Kf7 35. Bd3 Bd7 36. Be4 Be8 37. Kg3 g5 38. a3 Kg7 39. Bb7 Kf7 40.
Be4 Ke7 41. Ba8 Bg6 42. h4 gxh3 43. Kxh3 Kd7 44. Kg3 Kc7 45. a4 Kb6 46. Bf3 Kc5
47. Bg2 Kd4 48. a5 Kxe5 49. a6 Kf5 50. Bh3+ g4 51. Bg2 Kg5 52. Bb7 h4+ 53. Kh2
Bf5 54. Kg2 Kf4 55. Kf2 h3  0-1

[Event "M.Chigorin Memorial 2017 "]
[Site "?????-?????????"]
[Date "2017.10.29"]
[Round "9"]
[Board "173"]
[White "Shceglov, Mikhail"]
[Black "Koltsova, Alisa"]
[Result "1-0"]
[WhiteElo "1503"]
[BlackElo "1378"]
[PlyCount "107"]
[EventDate "2017.10.21"]
[EventRounds "9"]
[EventCountry "RUS"]

1. e4 e5 2. Nf3 Nf6 3. Nxe5 d6 4. Nf3 Nxe4 5. d3 Nf6 6. Be3 Nc6 7. Nc3 Be6 8.
g3 g6 9. Bg2 Bg7 10. Qd2 Qd7 11. Bh6 O-O 12. Bxg7 Kxg7 13. Ng5 Bf5 14. O-O h6
15. Nge4 Nxe4 16. Nxe4 Bxe4 17. Bxe4 Rfe8 18. Rfe1 d5 19. Bg2 Ne7 20. Re5 c6
21. Rae1 Nf5 22. Qf4 Rxe5 23. Qxe5+ f6 24. Qc3 Kf7 25. Bh3 h5 26. Qd2 Rh8 27.
Qf4 a6 28. Bxf5 gxf5 29. h4 Kg6 30. Qe3 Kf7 31. Kg2 Re8 32. Qxe8+ Qxe8 33. Rxe8
Kxe8 34. Kf3 Kf7 35. d4 b6 36. b4 Kg7 37. Kf4 Kg6 38. f3 a5 39. bxa5 bxa5 40.
a4 Kf7 41. Kxf5 Ke7 42. Kg6 Ke6 43. Kxh5 Kf7 44. Kg4 Kg6 45. Kf4 Kg7 46. Kf5
Kf7 47. h5 Kg7 48. f4 Kf7 49. g4 Kg7 50. g5 fxg5 51. fxg5 Kf7 52. g6+ Kg7 53.
Ke6 Kh6 54. Kf7  1-0

[Event "M.Chigorin Memorial 2017 "]
[Site "?????-?????????"]
[Date "2017.10.29"]
[Round "9"]
[Board "174"]
[White "Uspenskaya, Ksenia"]
[Black "Pogorelov, Boris"]
[Result "0-1"]
[WhiteElo "1073"]
[BlackElo "1484"]
[PlyCount "86"]
[EventDate "2017.10.21"]
[EventRounds "9"]
[EventCountry "RUS"]

1. d4 d5 2. Bf4 Nf6 3. e3 Ne4 4. Bd3 Nf6 5. Nf3 c6 6. c3 g6 7. Nbd2 Bg7 8. Qb3
Qb6 9. O-O O-O 10. c4 Nbd7 11. Rfc1 Qd8 12. Bg3 Nb6 13. c5 Nbd7 14. Qd1 Re8 15.
e4 dxe4 16. Nxe4 Nxe4 17. Bxe4 Nf6 18. Bd3 Nd5 19. Bc4 Bg4 20. Be5 Bxf3 21.
Qxf3 e6 22. Bxg7 Kxg7 23. Bxd5 Qxd5 24. Qxd5 exd5 25. Re1 Re4 26. Rxe4 dxe4 27.
Re1 Re8 28. Re3 f5 29. f3 Kf7 30. Kf2 exf3 31. Kxf3 Rxe3+ 32. Kxe3 g5 33. g3
Ke6 34. a4 Kd5 35. b3 a5 36. h4 h6 37. h5 Ke6 38. Kf3 g4+ 39. Kf4 Kf6 40. Ke3
Kg5 41. Kd3 Kxh5 42. Ke3 Kg5 43. Kd3 f4  0-1

[Event "M.Chigorin Memorial 2017 "]
[Site "?????-?????????"]
[Date "2017.10.29"]
[Round "9"]
[Board "175"]
[White "Pitkanen, Juhani"]
[Black "Petrova, Varvara"]
[Result "1/2-1/2"]
[WhiteElo "1657"]
[BlackElo "1362"]
[PlyCount "114"]
[EventDate "2017.10.21"]
[EventRounds "9"]
[EventCountry "RUS"]

1. d4 Nf6 2. Bf4 g6 3. Nc3 d5 4. e3 Bg7 5. h4 h5 6. f3 Bf5 7. Bd3 Bxd3 8. Qxd3
c6 9. Nh3 Nbd7 10. Nf2 Nb6 11. b3 a5 12. a4 Nfd7 13. g4 e5 14. Bg3 exd4 15.
exd4 Qe7+ 16. Kd2 Kd8 17. g5 Qb4 18. Rae1 Qxd4 19. Nfd1 Qxd3+ 20. Kxd3 Nc5+ 21.
Kd2 Ne6 22. Be5 Bxe5 23. Rxe5 Nd7 24. Ree1 Re8 25. Rhf1 Kc7 26. f4 Nd4 27. Ne3
Nf5 28. Nxf5 gxf5 29. Ne2 Nc5 30. Nd4 Ne4+ 31. Kc1 Nd6 32. Re5 Rf8 33. Nxf5
Nxf5 34. Rxf5 Rae8 35. Kd2 Re6 36. Re1 Rxe1 37. Kxe1 Kd8 38. g6 Re8+ 39. Re5
Rxe5+ 40. fxe5 fxg6 41. Kf2 Ke7 42. Ke3 Kd7 43. Kf4 Ke6 44. Kg5 Kxe5 45. Kxg6
Kf4 46. Kxh5 Kf5 47. Kh6 Kf6 48. Kh5 Kf5 49. Kh6 Kf6 50. h5 b5 51. Kh7 Kf7 52.
Kh6 bxa4 53. bxa4 Kf6 54. Kh7 Kf7 55. Kh6 Kf6 56. Kh7 Kf7 57. Kh6 Kf6  1/2-1/2